Marine Pollution
Zapisane w:
| 1. autor: | |
|---|---|
| Format: | Książka |
| Język: | angielski |
| Wydane: |
Nueva York
Oxford University
1992
|
| Wydanie: | 3a. ed |
| Hasła przedmiotowe: | |
| Etykiety: |
Dodaj etykietę
Nie ma etykietki, Dołącz pierwszą etykiete!
|
MARC
| LEADER | 00000nam a2200000 a 4500 | ||
|---|---|---|---|
| 001 | UCT0482 | ||
| 003 | CL-VaPUC | ||
| 008 | 960830e19920000US |||||||||||||||||eng|d | ||
| 082 | 0 | 4 | |a 363.739 |b CLA |2 21 |
| 100 | 0 | |a Clark, R. B |e author |9 369129 | |
| 245 | 1 | 0 | |a Marine Pollution |
| 250 | |a 3a. ed | ||
| 300 | |a 172 p | ||
| 942 | |c BK | ||
| 945 | |d 19960830 00:00:00 |a rbrito | ||
| 260 | |a Nueva York |b Oxford University |c 1992 | ||
| 650 | 0 | |a Ecología |9 258124 | |
| 650 | 0 | |a Recursos naturales |9 255232 | |
| 650 | 0 | |a Océanos |9 344473 | |
| 650 | 0 | |a Recursos marinos |9 261196 | |
| 650 | 0 | |a Derecho del mar |9 257927 | |
| 650 | 7 | |a CONTAMINACION COSTERA |2 CL-VaPUC |9 369130 | |
| 650 | 0 | |a Contaminación del agua |9 261423 | |
| 650 | 7 | |a CONTAMINACION MARINA |2 CL-VaPUC |9 369131 | |
| 650 | 7 | |a ENVENENAMIENTO DEL AGUA |2 CL-VaPUC |9 369132 | |
| 583 | |a last modification |c 19960830 00:00:00 |k Rodrigo Vera | ||
| 999 | |c 251438 |d 251436 | ||
| 952 | |0 0 |1 0 |4 0 |6 363_739000000000000_CLA_1992 |7 0 |8 CCM |9 270562 |a BIBCUR |b BIBCUR |d 2019-11-19 |i 3224694 |o 363.739 CLA 1992 |p 3224694 |r 2025-04-22 |w 2019-11-19 |y BK |k CIM | ||
| 952 | |0 0 |1 0 |4 0 |6 363_739000000000000_CLA_1992 |7 0 |8 CCM |9 270563 |a BIBCUR |b BIBCUR |d 2019-11-19 |i 2594072 |o 363.739 CLA 1992 |p 2594072 |r 2025-04-22 |w 2019-11-19 |y BK |k CIM | ||